00415nam a2200121Ia 4500008004100000100002300041245003600064245002400100260000900124856006800133999001900201952007300220160531s9999 xx 000 0 und d aBlondel, Philippe. aBathymetry and Its Applications cby Philippe Blondel c2012 uhttp://www.intechopen.com/books/bathymetry-and-its-applications c295099d295099 001040aCLbCLd2016-05-31l0r2016-05-31 00:00:00w2016-05-31yCBE